Ασφαλιστική αγορά

Αποθηκεύτηκε σε:
Λεπτομέρειες βιβλιογραφικής εγγραφής
Μορφή: Περιοδική έκδοση
Γλώσσα:Greek
Δημοσίευση: Αθήνα : [χ.ό.], [198-;]-
Θέματα:
Ετικέτες: Προσθήκη ετικέτας
Δεν υπάρχουν, Καταχωρήστε ετικέτα πρώτοι!

MARC

LEADER 00000nas a2200000 i 4500
001 1/99050
008 000126c gr gre
035 |l 10056736  
040 |a GR-MY-UA  |b gre  |e aacr 
041 0 |a gre 
082 0 |a 368.006  
245 1 0 |a Ασφαλιστική αγορά   |h [περιοδικό]  
260 |a Αθήνα :   |b [χ.ό.],   |c [198-;]-  
310 |a Μηνιαίο  
500 |a Μηνιαία Οικονομική Ασφαλιστική Επιθεώρηση  
650 0 0 |a Insurance  |x Periodicals. 
650 0 0 |a Insurance companies  |x Management  |x Periodicals. 
853 |a INST  |b CHIOS  |c SER  |h 368.006 
853 |a INST  |b SAMOS  |c SER  |h 368.006 
901 |a BIBL2-2004-2 
920 |a ΔΩΡΕΑ ΒΙΒΛΙΟΘΗΚΗΣ  |y ΧΙΟΣ  |z 1992-08 
970 |a ΣΠΕΝΤΖΑ  |b ΕΛΕΝΗ  |z 2004/05/26